Decolando contra el viento : (Registro nro. 4564)
[ vista simple ]
| 000 -LEADER | |
|---|---|
| fixed length control field | 01336nam a2200289Ia 4500 |
| 003 - CONTROL NUMBER IDENTIFIER | |
| control field | OSt |
| 005 - DATE AND TIME OF LATEST TRANSACTION | |
| control field | 20201005142238.0 |
| 008 - FIXED-LENGTH DATA ELEMENTS--GENERAL INFORMATION | |
| fixed length control field | 191128s2013 ck ao gr 000 0 spa d |
| 020 ## - INTERNATIONAL STANDARD BOOK NUMBER | |
| International Standard Book Number | 9789588818054 |
| 040 ## - CATALOGING SOURCE | |
| Original cataloging agency | CO-JMCR |
| Transcribing agency | CO-JMCR |
| 041 0# - LANGUAGE CODE | |
| Language code of text/sound track or separate title | spa |
| 082 04 - DEWEY DECIMAL CLASSIFICATION NUMBER | |
| Classification number | 629.130986 / |
| Item number | A696d |
| Edition number | 23 |
| 100 1# - MAIN ENTRY--PERSONAL NAME | |
| Personal name | Arias de Greiff, Gustavo, |
| Relator term | autor |
| 9 (RLIN) | 11230 |
| 245 #0 - TITLE STATEMENT | |
| Title | Decolando contra el viento : |
| Remainder of title | 100 años de la aviación en Colombia / |
| Statement of responsibility, etc. | Gustavo Arias de Greiff ; editor, Benjamín Villegas ; coordiandor, Juan David Giraldo |
| 250 ## - EDITION STATEMENT | |
| Edition statement | Primera edición |
| 260 ## - PUBLICATION, DISTRIBUTION, ETC. | |
| Place of publication, distribution, etc. | Bogotá : |
| Name of publisher, distributor, etc. | Villegas Editores, |
| Date of publication, distribution, etc. | 2013. |
| 300 ## - PHYSICAL DESCRIPTION | |
| Extent | 319 páginas : |
| Other physical details | fotografías a color y blanco y negro ; |
| Dimensions | 31 cm. |
| 500 ## - GENERAL NOTE | |
| General note | Incluye índice de fotografías. Incluye datos biográficos del autor. |
| 504 ## - BIBLIOGRAPHY, ETC. NOTE | |
| Bibliography, etc. note | Bibliografía: páginas 307-309. |
| 505 0# - FORMATTED CONTENTS NOTE | |
| Formatted contents note | El despertar de la aviación -- Establecimiento de empresas de transporte aéreo entre 1912 y 1919 -- Pioneros del aire en Colombia -- Tres precursores nativos -- Comienzo de la aviación comercial colombiana -- Rumbo a la madurez |
| 650 24 - SUBJECT ADDED ENTRY--TOPICAL TERM | |
| Topical term or geographic name entry element | Aviación |
| General subdivision | Historia |
| Geographic subdivision | Colombia |
| 9 (RLIN) | 11231 |
| 650 24 - SUBJECT ADDED ENTRY--TOPICAL TERM | |
| Topical term or geographic name entry element | Aviones |
| Geographic subdivision | Colombia |
| 9 (RLIN) | 11232 |
| 650 24 - SUBJECT ADDED ENTRY--TOPICAL TERM | |
| Topical term or geographic name entry element | Aeronáutica |
| Geographic subdivision | Colombia |
| 9 (RLIN) | 11233 |
| 700 1# - ADDED ENTRY--PERSONAL NAME | |
| Personal name | Villegas, Benjamín, |
| Relator term | editor |
| 9 (RLIN) | 1238 |
| 700 1# - ADDED ENTRY--PERSONAL NAME | |
| Personal name | Giraldo, Juan David, |
| Relator term | coordinador |
| 9 (RLIN) | 11234 |
| 942 ## - ADDED ENTRY ELEMENTS (KOHA) | |
| Source of classification or shelving scheme | Dewey Decimal Classification |
| Koha item type | Books |
| Withdrawn status | Lost status | Source of classification or shelving scheme | Materials specified (bound volume or other part) | Damaged status | Not for loan | Home library | Current library | Shelving location | Date acquired | Source of acquisition | Total Checkouts | Full call number | Barcode | Date last seen | Date last checked out | Copy number | Price effective from | Koha item type |
|---|---|---|---|---|---|---|---|---|---|---|---|---|---|---|---|---|---|---|
| Dewey Decimal Classification | Donación--12/12/2018-- | Biblioteca Pública José María del Castillo y Rada | Biblioteca Pública José María del Castillo y Rada | General Stacks | 11/28/2019 | Donación | 2 | 629.130986 / A696d | 201809489 | 09/12/2025 | 09/11/2025 | Ej.1 | 11/28/2019 | Books |